00503nam a2200193 a 4500001001300000003000900013005001700022008004100039020002300080082001500103100001400118245003200132260003700164300000900201500003500210505003100245650001900276700001400295nice12345678IN_TiNIC20260116013252.0050524s1987 dela grp 000 0 eng  a8170993 c15000a954.8bKAT aKate, P V aMarathwada Under the Nizams aDelhibMittal Publication c1987 a212p aincludes index and biblioraphy2 aBibliographic Notes, Index aDeccan-History1 aKate, P V